| 000 | 01008nam2a22002651 4500 | ||
|---|---|---|---|
| 001 | v19\rc\1983393 | ||
| 005 | 20251118181231.0 | ||
| 035 | _a(NLR Aleph) 005070040 | ||
| 090 |
_a7085880 _c7085880 |
||
| 100 | _a20080623d1914 u y0rusy50 ca | ||
| 101 | 1 |
_arus _cmul |
|
| 102 | _aRU | ||
| 105 | _ay z ||||| | ||
| 200 | 0 | _aКн. 1 | |
| 210 | _d1914 | ||
| 215 | _a103 с. | ||
| 461 | 0 |
_1001v19\rc\1983392 _12001#$aСборник фотографических рецептов$eСост. по сб. Эдера, Шперля, Ганнекс и др. Кн. 1-$vКн. 1 _97085872 _cСанкт-Петербург _d1914 _nГ.В. Гольстен _oСост. по сб. Эдера, Шперля, Ганнекс и др. Кн. 1- _tСборник фотографических рецептов _vКн. 1 |
|
| 801 | 0 |
_aRU _bNLR _gpsbo |
|
| 801 | 0 |
_aRU _bRuMoRGB _2psbo |
|
| 801 | 1 |
_aRU _bProSoft-M _2rusmarc |
|
| 852 |
_aNLR _j87/872 |
||
| 852 |
_aNLR _j128/2992 |
||
| 899 |
_aRuMoRGB _jR 451/962 |
||
| 942 | _cBOOK | ||
| 980 | _aNB | ||